000
00342nam a2200133 a 4500
005
20140414132054.0
008
110714s19uu xx 00 eng d
050
_a
FIC
_b
K24 2005
100
_a
Keene, Carolyn
245
_a
The Hunted doll house.
260
_a
Singapore :
_b
Simon @ Schuster,
_c
2005.
440
_a
Nancy Drew
999
_c
114256
_d
114256